How Long Did It Last? Quiz Stats

 Plays Quiz Updated Nov 26, 2017

Score 0/20 Timer 05:00
12 Plays Today
Question Answer Wrong Answers
World War I 4 years, 3 months, 14 days
59.1%
6 years, 5 months, 24 days
7.6%
5 years, 9 months, 3 days
13.3%
3 years, 11 months, 16 days
15.9%
Reign of United Kingdom's Queen Victoria 63 years, 7 months, 2 days
55.1%
48 years, 5 months, 16 days
13.7%
71 years, 2 months, 30 days
20.2%
39 years, 6 months, 7 days
6.6%
Presidency of John F. Kennedy 2 years, 10 months, 2 days
53.4%
8 months, 27 days
3.4%
1 year, 4 months, 9 days
9.8%
3 years, 1 month, 14 days
29.4%
Papacy of Pope John Paul II 26 years, 5 months, 17 days
51.9%
13 years, 7 months, 22 days
19.4%
39 years, 2 months, 1 day
17.6%
51 years, 8 months, 16 days
6.6%
William Shakespeare's lifespan 52 years
50.6%
38 years
12.5%
77 years
5.3%
62 years
27.5%
The sinking of the Titanic 2 hours, 40 minutes
49.1%
51 minutes
11.5%
5 hours, 18 minutes
21.9%
8 hours, 37 minutes
13.2%
The Hundred Years' War 116 years
49.1%
100 years
8.8%
98 years
16.7%
109 years
21.4%
The first swim across the English Channel, in 1875 21 hours, 45 minutes
46.5%
8 hours, 11 minutes
26.3%
1 day, 7 hours, 32 minutes
15.2%
2 days, 4 hours, 5 minutes
7.8%
Charles Lindbergh's 1927 flight from New York to Paris 33 hours, 30 minutes
45.1%
17 hours, 45 minutes
29.2%
51 hours, 15 minutes
9.7%
10 hours, 50 minutes
11.7%
The Lewis and Clark Expedition 2 years, 4 months, 10 days
41.4%
6 years, 3 months, 25 days
14.7%
1 year, 1 month, 17 days
12.6%
4 years, 7 months, 28 days
26.9%
The running time of the movie ''Gone With the Wind'' 3 hours, 58 minutes
41.2%
2 hours, 42 minutes
9.3%
4 hours, 20 minutes
20.2%
3 hours, 6 minutes
25.2%
Lincoln's Gettysburg Address 2 minutes
40.2%
15 minutes
22.4%
34 minutes
19.4%
1 hour, 4 minutes
13.7%
The Jurassic Period 56.3 million years
34.9%
127 million years
32.6%
548.4 million years
17.7%
1.2 billion years
10.5%
China's Ming Dynasty 276 years
34.2%
89 years
9%
549 years
28.7%
810 years
23.8%
The Boston Tea Party 3 hours
33.8%
45 minutes
37.8%
2 days
14.4%
10 hours
9.7%
The playing time of the Beatles' ''Hey Jude'' 7 minutes, 11 seconds
33%
4 minutes, 42 seconds
30.4%
9 minutes, 3 seconds
5.8%
6 minutes, 1 second
26.5%
Skylab's time in orbit 6 years, 1 month, 28 days
31.5%
12 years, 7 months, 7 days
38.7%
2 years, 10 months, 19 days
15.4%
4 months, 22 days
9.9%
Edmund Hillary and Tenzing Norgay's ascent of Mount Everest 7 weeks
30.6%
6 days
23.1%
3 weeks
34.4%
6 months
7.6%
Christopher Columbus's 1492 voyage from Spain to San Salvador 2 months, 9 days
27.2%
26 days
4.3%
5 months, 18 days
36.7%
8 months, 13 days
27.5%
Neil Armstrong's time on the Moon 21 hours, 36 minutes
14.8%
58 minutes
48.2%
6 hours, 44 minutes
22.5%
1 day, 5 hours, 58 minutes
10.6%

You're not logged in!

Compare scores with friends on all Sporcle quizzes.
OR
Log In

You Might Also Like...

Show Comments

Extras

Top Quizzes Today


Score Distribution

Your Account Isn't Verified!

In order to create a playlist on Sporcle, you need to verify the email address you used during registration. Go to your Sporcle Settings to finish the process.

Report this User

Report this user for behavior that violates our Community Guidelines.

Details: